[Event "Quebec op U1400"]
[Site "Montreal CAN"]
[Date "2016.07.24"]
[Round "3.8"]
[White "Dubois, Lorraine"]
[Black "Laroche, Hugo"]
[Result "1/2-1/2"]
[WhiteElo "1200"]
[BlackElo "1272"]
[PlyCount "74"]
[EventDate "2016.07.23"]
[EventType "swiss"]
[EventRounds "8"]
[EventCountry "CAN"]

1. d4 d5 2. c4 c6 3. cxd5 cxd5 4. Nc3 Nf6 5. Bf4 Nc6 6. e3 Bf5 7. Bd3 Bxd3 8.
Qxd3 e6 9. Nge2 Rc8 10. a3 Nh5 11. b4 Nxf4 12. Nxf4 Bd6 13. Nce2 Qd7 14. O-O
O-O 15. Rac1 a5 16. b5 Ne7 17. a4 Rxc1 18. Rxc1 Rc8 19. Rxc8+ Qxc8 20. g3 Bxf4
21. Nxf4 Qc1+ 22. Qf1 Qc2 23. Qa1 Nc8 24. Qa3 g6 25. Qc5 Qxc5 26. dxc5 Kf8 27.
Kg2 Ke7 28. Nd3 b6 29. c6 Kf6 30. f4 Kf5 31. Kf3 h5 32. h3 Kf6 33. g4 hxg4+ 34.
hxg4 g5 35. Ne5 gxf4 36. Kxf4 Ke7 37. g5 Nd6 1/2-1/2

[Event "Quebec op U1400"]
[Site "Montreal CAN"]
[Date "2016.07.24"]
[Round "3.9"]
[White "Omichi, Kevin"]
[Black "Luchian, Andra"]
[Result "1-0"]
[WhiteElo "1168"]
[BlackElo "1240"]
[PlyCount "119"]
[EventDate "2016.07.23"]
[EventType "swiss"]
[EventRounds "8"]
[EventCountry "CAN"]

1. e4 e5 2. Nf3 Nc6 3. d4 exd4 4. Nxd4 Bc5 5. Be3 Bb6 6. Nc3 d6 7. Bc4 Nf6 8.
O-O O-O 9. f4 Re8 10. Qd3 Nb4 11. Qd2 c6 12. Bb3 Nxe4 13. Nxe4 Rxe4 14. Rae1
Na6 15. Bf2 Nc5 16. c3 Bg4 17. h3 Bh5 18. Bc2 Rxe1 19. Rxe1 h6 20. b4 Nd7 21.
a4 a5 22. b5 Qf6 23. bxc6 bxc6 24. Nxc6 Bxf2+ 25. Kxf2 Nc5 26. Kg1 Kf8 27. Qd4
Qxd4+ 28. cxd4 Ne6 29. g4 Bxg4 30. hxg4 Nxf4 31. Be4 d5 32. Bg2 Ra6 33. Nb8 Rg6
34. Bf3 f6 35. Kh2 Rg5 36. Kg3 Nd3 37. Rd1 Nb4 38. Rc1 h5 39. Kh4 hxg4 40. Bxg4
Kf7 41. Nd7 Nd3 42. Rf1 Nb2 43. Ne5+ Ke8 44. Nf3 Rxg4+ 45. Kxg4 Nc4 46. Kf5 Kf7
47. Rb1 g6+ 48. Kf4 g5+ 49. Kg4 Kg6 50. Rb5 f5+ 51. Kg3 f4+ 52. Kf2 Ne3 53.
Rxa5 Kf5 54. Rb5 g4 55. a5 g3+ 56. Ke2 Ke4 57. a6 g2 58. a7 Nf1 59. a8=Q Ng3+
60. Kf2 1-0

[Event "Quebec op U1400"]
[Site "Montreal CAN"]
[Date "2016.07.24"]
[Round "3.10"]
[White "Arsenault-Mahjoubi, Louis"]
[Black "Forcier, Pierre-Rodolphe"]
[Result "1-0"]
[WhiteElo "1359"]
[BlackElo "1292"]
[PlyCount "51"]
[EventDate "2016.07.23"]
[EventType "swiss"]
[EventRounds "8"]
[EventCountry "CAN"]

1. d4 Nf6 2. c4 e6 3. Nc3 d5 4. cxd5 exd5 5. Bg5 Bb4 6. e3 O-O 7. Bd3 h6 8. Bh4
Re8 9. Nge2 g5 10. Bg3 Ne4 11. Qb3 c5 12. dxc5 Qa5 13. O-O Nd2 14. Qxd5 Nxf1
15. Rxf1 Qxc5 16. Bh7+ Kg7 17. a3 Kxh7 18. Qxf7+ Kh8 19. Qxe8+ Qf8 20. Qe5+ Qg7
21. Qxg7+ Kxg7 22. axb4 Nc6 23. b5 Ne7 24. Ra1 a5 25. b4 b6 26. Bc7 1-0

[Event "Quebec op U1400"]
[Site "Montreal CAN"]
[Date "2016.07.24"]
[Round "3.11"]
[White "Lauzon, Francois"]
[Black "Grandmaison, Real"]
[Result "1-0"]
[WhiteElo "1265"]
[BlackElo "1243"]
[PlyCount "105"]
[EventDate "2016.07.23"]
[EventType "swiss"]
[EventRounds "8"]
[EventCountry "CAN"]

1. e4 e6 2. d4 c5 3. Nf3 cxd4 4. Nxd4 Nc6 5. Be3 Nf6 6. Nc3 Be7 7. Bd3 O-O 8.
a3 Nxd4 9. Bxd4 d5 10. e5 Nd7 11. O-O f5 12. f4 Bc5 13. Ne2 Qb6 14. c3 Bxd4+
15. cxd4 Qxb2 16. Kh1 Qb6 17. Rb1 Qd8 18. Rf3 g6 19. Ng1 Rf7 20. Nh3 Nf8 21.
Ng5 Rg7 22. Rg3 h6 23. Nf3 a6 24. a4 g5 25. fxg5 hxg5 26. h3 f4 27. Rg4 b6 28.
h4 gxh4 29. Nxh4 Raa7 30. Rxf4 Qg5 31. Qf3 Raf7 32. Rf1 Rxf4 33. Qxf4 Qxf4 34.
Rxf4 Rg3 35. Bc2 Rc3 36. Rg4+ Kf7 37. Rf4+ Ke7 38. Rf2 b5 39. axb5 axb5 40. Nf3
b4 41. Ba4 Bd7 42. Bxd7 Nxd7 43. Rb2 b3 44. Nd2 Nb6 45. Rxb3 Rc1+ 46. Kh2 Na4
47. Rb7+ Kf8 48. Nf3 Nc3 49. Rc7 Ne2 50. Ra7 Rd1 51. Ra4 Kg7 52. Ng5 Nxd4 53.
Rxd4 1-0

[Event "Quebec op U1400"]
[Site "Montreal CAN"]
[Date "2016.07.24"]
[Round "3.12"]
[White "Denis, Alain"]
[Black "Bedard, Ludovic"]
[Result "0-1"]
[WhiteElo "1244"]
[BlackElo "1257"]
[PlyCount "60"]
[EventDate "2016.07.23"]
[EventType "swiss"]
[EventRounds "8"]
[EventCountry "CAN"]

1. e4 c5 2. Nf3 g6 3. d4 cxd4 4. Nxd4 Bg7 5. Be3 Nc6 6. Nc3 Nf6 7. Be2 d6 8. h3
Bd7 9. Qd2 Rc8 10. O-O O-O 11. a3 a6 12. Nf3 Qc7 13. Bd3 Na5 14. Qe2 Nc4 15.
Rab1 Nxe3 16. Qxe3 Qc5 17. Rfe1 Rc7 18. e5 dxe5 19. Nxe5 Qxe3 20. Rxe3 e6 21.
Nxd7 Nxd7 22. Ne4 Ne5 23. Re2 Nxd3 24. cxd3 Rd8 25. Rd2 Bh6 26. Rdd1 b6 27. b3
Kg7 28. g3 f5 29. Nd2 Rxd3 30. Rb2 Rcd7 0-1

[Event "Quebec op U1400"]
[Site "Montreal CAN"]
[Date "2016.07.25"]
[Round "4.73"]
[White "Rodi, Mathieu"]
[Black "Dawson, Skyler"]
[Result "1-0"]
[WhiteElo "1273"]
[BlackElo "1319"]
[PlyCount "73"]
[EventDate "2016.07.23"]
[EventType "swiss"]
[EventRounds "8"]
[EventCountry "CAN"]

1. e4 c5 2. d4 cxd4 3. c3 dxc3 4. Nxc3 e6 5. Bc4 d6 6. Nf3 Be7 7. O-O Nc6 8.
Qe2 Nf6 9. Rd1 e5 10. h3 O-O 11. Be3 Qc7 12. Rac1 Qb8 13. a3 Nd8 14. Nb5 Be6
15. Nc7 Qxc7 16. Bxe6 Qb8 17. Rc8 Nxe6 18. Rxb8 Rfxb8 19. Bd2 Nc5 20. Nh4 Ncxe4
21. Nf5 Bf8 22. Bb4 Rd8 23. f3 a5 24. Bxa5 Rxa5 25. fxe4 g6 26. Ne3 Nh5 27. Nc4
Nf4 28. Qg4 Rc5 29. Nxe5 h5 30. Qxf4 dxe5 31. Qf3 Rdc8 32. Rd7 Rc1+ 33. Kh2 f5
34. exf5 Bh6 35. Qd5+ Kh8 36. Qxe5+ Kg8 37. Qe6+ 1-0

[Event "Quebec op U1400"]
[Site "Montreal CAN"]
[Date "2016.07.25"]
[Round "4.74"]
[White "Liu, Kevin"]
[Black "Bercuvitz, Tani"]
[Result "1-0"]
[WhiteElo "1312"]
[BlackElo "1280"]
[PlyCount "53"]
[EventDate "2016.07.23"]
[EventType "swiss"]
[EventRounds "8"]
[EventCountry "CAN"]

1. e4 e5 2. Nf3 Nc6 3. Nc3 Bc5 4. Nxe5 Nxe5 5. d4 Bd6 6. dxe5 Bxe5 7. Bc4 h6 8.
O-O Nf6 9. Kh1 O-O 10. f4 Bxc3 11. bxc3 Nxe4 12. Bb3 Re8 13. Qd5 Qe7 14. Ba3
Qe6 15. Qd3 Qb6 16. Qd5 Qe6 17. Qd3 Qg6 18. Kg1 d6 19. Rae1 Bf5 20. Qb5 Bh3 21.
Rf2 c6 22. Qd3 Nxf2 23. Rxe8+ Rxe8 24. Qxg6 d5 25. Qg3 Bxg2 26. Kxg2 Ne4 27.
Qd3 1-0

[Event "Quebec op U1400"]
[Site "Montreal CAN"]
[Date "2016.07.25"]
[Round "4.75"]
[White "Jordanov, Jordan"]
[Black "Dimov, Petre"]
[Result "1-0"]
[WhiteElo "1339"]
[BlackElo "1272"]
[PlyCount "77"]
[EventDate "2016.07.23"]
[EventType "swiss"]
[EventRounds "8"]
[EventCountry "CAN"]

1. d4 c5 2. d5 d6 3. e4 a6 4. a4 e6 5. c4 g6 6. Nc3 Bg7 7. Bd3 Nf6 8. f4 Nh5 9.
Nf3 Bxc3+ 10. bxc3 Ng7 11. O-O Nd7 12. Qc2 O-O 13. e5 Re8 14. Ba3 Nb6 15. a5
Nd7 16. Qa4 Nf8 17. exd6 Qxd6 18. Ne5 Nd7 19. Ng4 exd5 20. cxd5 Nb6 21. Nh6+
Kf8 22. axb6 Qxb6 23. c4 Nf5 24. Nxf5 Bxf5 25. Bxf5 gxf5 26. Qc2 Re4 27. Bb2
Rae8 28. Qc3 Qg6 29. Rf3 Qg4 30. Qh8+ Ke7 31. d6+ Kd7 32. Qf6 Re2 33. Qxf7+
R8e7 34. Qxe7+ Rxe7 35. dxe7 Qg8 36. Re1 Qxc4 37. e8=Q+ Kc7 38. Be5+ Kb6 39.
Rb1+ 1-0

[Event "Quebec op U1400"]
[Site "Montreal CAN"]
[Date "2016.07.25"]
[Round "4.76"]
[White "Laroche, Martin"]
[Black "Omichi, Kevin"]
[Result "1-0"]
[WhiteElo "1372"]
[BlackElo "1168"]
[PlyCount "125"]
[EventDate "2016.07.23"]
[EventType "swiss"]
[EventRounds "8"]
[EventCountry "CAN"]

1. e4 c5 2. Nf3 Nc6 3. c4 e6 4. Nc3 Nge7 5. d3 d5 6. cxd5 exd5 7. Bf4 d4 8. Nb5
Ng6 9. Bg3 Qa5+ 10. Nc3 dxc3 11. bxc3 Qxc3+ 12. Nd2 Qa5 13. Be2 Be7 14. O-O Nd4
15. Nc4 Qd8 16. Bh5 O-O 17. f4 Bf6 18. f5 Ne7 19. Rb1 b6 20. e5 Bxe5 21. Nxe5
Nexf5 22. Bf2 f6 23. Ng6 hxg6 24. Bxg6 Nh6 25. Be3 Qc7 26. Rf4 Bf5 27. Bxf5
Ndxf5 28. Bd2 Rad8 29. Qb3+ Qf7 30. Qa3 Rd4 31. Rf3 Qd7 32. Qc1 Rxd3 33. Qc4+
Rd5 34. Bxh6 Nxh6 35. Rd1 b5 36. Qxd5+ Qxd5 37. Rxd5 Rc8 38. Rc3 Nf7 39. Rdxc5
Rxc5 40. Rxc5 Nd6 41. Rd5 Nc8 42. Rd8+ Kf7 43. Rxc8 g5 44. Rc7+ Ke6 45. Rxa7
Kd5 46. Kf2 f5 47. Kf3 Kc5 48. g4 f4 49. h4 gxh4 50. Kxf4 Kb6 51. Ra3 b4 52.
Rb3 Kb5 53. g5 h3 54. Rxh3 Ka4 55. g6 Kb5 56. g7 Kc5 57. g8=Q Kd4 58. Qd8+ Kc5
59. Ke5 Kc6 60. Qd5+ Kc7 61. Rh6 Kc8 62. Qf7 Kd8 63. Rh8# 1-0

[Event "Quebec op U1400"]
[Site "Montreal CAN"]
[Date "2016.07.25"]
[Round "4.77"]
[White "Amyot, Stephane"]
[Black "Zhong, Ziyi"]
[Result "1-0"]
[WhiteElo "1218"]
[BlackElo "1240"]
[PlyCount "65"]
[EventDate "2016.07.23"]
[EventType "swiss"]
[EventRounds "8"]
[EventCountry "CAN"]

1. e4 e5 2. Nf3 Nc6 3. Bc4 Nf6 4. d3 d5 5. exd5 Nxd5 6. a3 Be6 7. Ng5 Bf5 8.
Qf3 Nce7 9. Nxf7 Kxf7 10. g4 g6 11. gxf5 gxf5 12. Bg5 c6 13. Nc3 Ke6 14. O-O-O
Rg8 15. Qe3 f4 16. Bxf4 Bg7 17. Bxe5 Bxe5 18. f4 Qc7 19. d4 Kd7 20. dxe5 Qa5
21. Qe4 Rad8 22. Nxd5 cxd5 23. Bxd5 Rg4 24. Be6+ Kxe6 25. Rxd8 Qxd8 26. f5+
Nxf5 27. Qxg4 Kxe5 28. Re1+ Kf6 29. Rf1 Qa5 30. Qh4+ Ke6 31. Qxh7 Qb5 32. Qg6+
Ke5 33. Rxf5+ 1-0

[Event "Quebec op U1400"]
[Site "Montreal CAN"]
[Date "2016.07.25"]
[Round "4.78"]
[White "Pan, Yu Xiang"]
[Black "Dubois, Lorraine"]
[Result "1-0"]
[WhiteElo "1187"]
[BlackElo "1200"]
[PlyCount "44"]
[EventDate "2016.07.23"]
[EventType "swiss"]
[EventRounds "8"]
[EventCountry "CAN"]

1. e4 c6 2. d4 d5 3. exd5 cxd5 4. Nf3 Nf6 5. Bd3 Nc6 6. c3 e6 7. Bg5 Be7 8.
Nbd2 a5 9. O-O Qc7 10. Re1 b6 11. Ne5 Nxe5 12. dxe5 Ne4 13. Nxe4 dxe4 14. Bxe4
Ra7 15. Bxe7 Qxe7 16. Qd3 g6 17. Qb5+ Kf8 18. Qxb6 Kg7 19. Rad1 Ra6 20. Qe3 Qc7
21. Qg5 Rb6 22. Qf6+ Kg8 1-0

[Event "Quebec op U1400"]
[Site "Montreal CAN"]
[Date "2016.07.25"]
[Round "4.79"]
[White "Imbeault, Marc"]
[Black "Arsenault-Mahjoubi, Louis"]
[Result "0-1"]
[WhiteElo "1372"]
[BlackElo "1359"]
[PlyCount "50"]
[EventDate "2016.07.23"]
[EventType "swiss"]
[EventRounds "8"]
[EventCountry "CAN"]

1. e4 c5 2. Nf3 e6 3. d4 cxd4 4. Nxd4 a6 5. Nc3 Qc7 6. g3 Nc6 7. Bg2 Nf6 8. O-O
Be7 9. Kh1 O-O 10. f4 d6 11. Re1 Nxd4 12. Qxd4 b5 13. e5 dxe5 14. fxe5 Bc5 15.
Qh4 Nd5 16. Nxd5 exd5 17. Bxd5 Qb8 18. Qe4 Ra7 19. Bf4 Re7 20. e6 Qa7 21. Bg5
f6 22. Bd2 Rfe8 23. Qf5 Rd8 24. Rad1 Rxd5 25. Qg4 Bb7 0-1

[Event "Quebec op U1400"]
[Site "Montreal CAN"]
[Date "2016.07.25"]
[Round "4.82"]
[White "Bedard, Ludovic"]
[Black "Hall, Arturo"]
[Result "1-0"]
[WhiteElo "1257"]
[BlackElo "1291"]
[PlyCount "150"]
[EventDate "2016.07.23"]
[EventType "swiss"]
[EventRounds "8"]
[EventCountry "CAN"]

1. d4 d5 2. c4 Nf6 3. Nc3 g6 4. Bf4 a6 5. e3 Bg7 6. h3 O-O 7. Bd3 b6 8. Nge2 c5
9. dxc5 bxc5 10. cxd5 Nxd5 11. Bh2 Bb7 12. O-O Nxc3 13. Nxc3 Bd5 14. Qc2 c4 15.
Be4 Bxe4 16. Qxe4 Nd7 17. Qxc4 Ne5 18. Qe2 Rb8 19. Rfd1 Qb6 20. Rab1 Rbd8 21.
Nd5 Qb5 22. Qxb5 axb5 23. Nxe7+ Kh8 24. Nd5 Nc4 25. Nc3 b4 26. Na4 Rxd1+ 27.
Rxd1 Bxb2 28. Nxb2 Nxb2 29. Rb1 Nd3 30. Kf1 Ra8 31. Ke2 Nc5 32. Rxb4 Rxa2+ 33.
Kf3 h6 34. Be5+ Kh7 35. Rb8 g5 36. Rh8+ Kg6 37. Bd4 Nd3 38. Rg8+ Kh7 39. Rg7+
Kh8 40. Rxf7+ Kg8 41. Rf6 Rxf2+ 42. Ke4 Nc5+ 43. Kd5 Rxf6 44. Bxf6 Nd7 45. Bd4
Kf7 46. Kd6 Nf8 47. g4 Kg6 48. Ke7 Nh7 49. e4 h5 50. e5 hxg4 51. hxg4 Kg7 52.
e6+ Kg8 53. Be5 Nf8 54. Bf6 Ng6+ 55. Kd7 Nf8+ 56. Kd6 Ng6 57. e7 Kf7 58. Bxg5
Nxe7 59. Bxe7 Kg8 60. Ke6 Kh7 61. Kf6 Kg8 62. Kg6 Kh8 63. Bf6+ Kg8 64. g5 Kf8
65. Kh7 Kf7 66. g6+ Kf8 67. g7+ Kf7 68. g8=Q+ Kxf6 69. Qe8 Kf5 70. Qe7 Kf4 71.
Qe6 Kg5 72. Qf7 Kg4 73. Qf6 Kg3 74. Qf5 Kg2 75. Qf4 Kg1 1-0

[Event "Quebec op U1400"]
[Site "Montreal CAN"]
[Date "2016.07.25"]
[Round "4.83"]
[White "Pietka, Krystyn"]
[Black "Lauzon, Francois"]
[Result "0-1"]
[WhiteElo "1282"]
[BlackElo "1265"]
[PlyCount "140"]
[EventDate "2016.07.23"]
[EventType "swiss"]
[EventRounds "8"]
[EventCountry "CAN"]

1. c4 Nf6 2. Nc3 g6 3. g3 Bg7 4. Bg2 O-O 5. d3 c6 6. Nf3 d6 7. Be3 e5 8. Qd2
Be6 9. Bh6 Ng4 10. Bxg7 Kxg7 11. h3 Nf6 12. g4 h6 13. g5 Ng8 14. gxh6+ Nxh6 15.
Ng5 Bd7 16. e4 f6 17. Nf3 Na6 18. Ke2 Nc5 19. Rag1 Ne6 20. Ke1 Rh8 21. h4 Ng4
22. Bh3 Nh6 23. Bf5 Nf8 24. Bxd7 Qxd7 25. h5 Ng4 26. Nh4 Rxh5 27. Nf5+ Rxf5 28.
exf5 Qxf5 29. Rg3 g5 30. f3 Nh6 31. Rgh3 Nf7 32. Ne4 Rd8 33. Ng3 Qg6 34. Ke2 a6
35. Qe3 c5 36. Qe4 Qxe4+ 37. fxe4 Kg6 38. Nf5 Rd7 39. Ne3 Rd8 40. Ng4 Ne6 41.
Kd2 b5 42. Ne3 bxc4 43. dxc4 a5 44. Nf5 Rd7 45. R3h2 Nf4 46. Nh6 a4 47. Nxf7
Kxf7 48. Rh7+ Ke6 49. Rxd7 Kxd7 50. Ke3 Ke6 51. Rh8 g4 52. Rg8 f5 53. exf5+
Kxf5 54. Rf8+ Kg5 55. Rg8+ Kh4 56. Rh8+ Kg3 57. Rd8 Kg2 58. Rxd6 g3 59. Rd2+
Kh1 60. Rd1+ Kh2 61. Rd2+ g2 62. Rxg2+ Kxg2 63. Ke4 Ng6 64. b3 axb3 65. axb3
Kf2 66. Kd5 Kf3 67. b4 cxb4 68. c5 b3 69. c6 Ne7+ 70. Kc4 b2 0-1

[Event "Quebec op U1400"]
[Site "Montreal CAN"]
[Date "2016.07.25"]
[Round "4.84"]
[White "Grandmaison, Real"]
[Black "Forgues, David"]
[Result "1-0"]
[WhiteElo "1243"]
[BlackElo "1238"]
[PlyCount "101"]
[EventDate "2016.07.23"]
[EventType "swiss"]
[EventRounds "8"]
[EventCountry "CAN"]

1. d4 d5 2. Nf3 Nc6 3. Nc3 Nf6 4. h3 h6 5. Bf4 Bf5 6. e3 a6 7. a3 e6 8. Be2 Bd6
9. Bxd6 Qxd6 10. Qd2 O-O-O 11. b4 Ne4 12. Nxe4 Bxe4 13. O-O b5 14. c3 Rhe8 15.
a4 Na7 16. axb5 Nxb5 17. Bxb5 axb5 18. Ne5 c6 19. Nxf7 Qe7 20. Nxd8 Rxd8 21.
Ra8+ Kb7 22. Rxd8 Qxd8 23. f3 Bf5 24. Qa2 Qg5 25. f4 Qg3 26. Qf2 Qg6 27. Kh2
Bd3 28. Ra1 Bc4 29. Ra5 Qf6 30. Qe1 Bb3 31. Qa1 Ba4 32. Rxa4 bxa4 33. Qxa4 Qf5
34. b5 cxb5 35. Qxb5+ Kc7 36. Qe2 Kd6 37. c4 dxc4 38. Qxc4 Qe4 39. Qc5+ Kd7 40.
Qe5 Qxe5 41. fxe5 g5 42. Kg3 Ke7 43. Kg4 Kf7 44. Kh5 Kg7 45. g4 Kh7 46. e4 Kg7
47. d5 exd5 48. exd5 Kf7 49. e6+ Ke7 50. Kxh6 Kd6 51. Kxg5 1-0

[Event "Quebec op U1400"]
[Site "Montreal CAN"]
[Date "2016.07.25"]
[Round "4.85"]
[White "Forcier, Pierre-Rodolphe"]
[Black "Denis, Alain"]
[Result "1-0"]
[WhiteElo "1292"]
[BlackElo "1244"]
[PlyCount "65"]
[EventDate "2016.07.23"]
[EventType "swiss"]
[EventRounds "8"]
[EventCountry "CAN"]

1. e4 c5 2. Nc3 Nc6 3. g3 d6 4. Bg2 Nf6 5. d3 e6 6. Nge2 Be7 7. O-O O-O 8. Kh1
a6 9. f4 Qc7 10. f5 e5 11. Bg5 Qd8 12. Bxf6 Bxf6 13. Nd5 b5 14. a4 Bb7 15. c3
Na7 16. h4 Bxd5 17. exd5 Qb6 18. a5 Qb7 19. b4 Rac8 20. Rc1 Rc7 21. Be4 Kh8 22.
Qe1 Rfc8 23. g4 Be7 24. g5 f6 25. Rg1 cxb4 26. cxb4 Rxc1 27. Nxc1 Qc7 28. g6 h6
29. Na2 Qc2 30. Rg2 Qb3 31. Qe3 Rc7 32. Qb6 Bd8 33. Qxd6 1-0

[Event "Quebec op U1400"]
[Site "Montreal CAN"]
[Date "2016.07.26"]
[Round "5.1"]
[White "Rodi, Mathieu"]
[Black "Liu, Kevin"]
[Result "1/2-1/2"]
[WhiteElo "1273"]
[BlackElo "1312"]
[PlyCount "82"]
[EventDate "2016.07.23"]
[EventType "swiss"]
[EventRounds "8"]
[EventCountry "CAN"]

1. e4 c5 2. Nc3 Nc6 3. f4 e6 4. Nf3 a6 5. a4 d5 6. exd5 exd5 7. Be2 g6 8. O-O
Bg7 9. d3 Nge7 10. Qe1 O-O 11. Qh4 Be6 12. Ng5 h6 13. Nxe6 fxe6 14. Bg4 Nf5 15.
Qxd8 Raxd8 16. Bd2 Rfe8 17. Rae1 Ncd4 18. Bd1 b5 19. axb5 axb5 20. Ne2 c4 21.
dxc4 bxc4 22. c3 Nc6 23. g4 Nd6 24. Ng3 Na5 25. Bc2 Kh7 26. f5 exf5 27. gxf5
gxf5 28. Nxf5 Nxf5 29. Bxf5+ Kg8 30. Bg6 Rxe1 31. Rxe1 Nb3 32. Bf4 d4 33. cxd4
Bxd4+ 34. Kg2 Bxb2 35. Bxh6 Bg7 36. Bg5 Rc8 37. Re8+ Rxe8 38. Bxe8 Nc5 39. Kf3
c3 40. Bg6 Bd4 41. h4 Ne6 1/2-1/2

[Event "Quebec op U1400"]
[Site "Montreal CAN"]
[Date "2016.07.26"]
[Round "5.2"]
[White "Laroche, Martin"]
[Black "Jordanov, Jordan"]
[Result "1/2-1/2"]
[WhiteElo "1372"]
[BlackElo "1339"]
[PlyCount "89"]
[EventDate "2016.07.23"]
[EventType "swiss"]
[EventRounds "8"]
[EventCountry "CAN"]

1. d4 Nf6 2. c4 e6 3. a3 d5 4. Bg5 Be7 5. e3 b6 6. Nf3 Nbd7 7. b4 dxc4 8. Bxc4
Bb7 9. Nbd2 O-O 10. O-O h6 11. Bh4 Nd5 12. Bxe7 Qxe7 13. Rc1 Qd6 14. Ne4 Nxe3
15. Nxd6 Nxd1 16. Nxb7 Nb2 17. Bb5 Nf6 18. Rxc7 Nd5 19. Rc2 a6 20. Bc6 Rac8 21.
Nd6 Rc7 22. Rxb2 Rxc6 23. Ne4 f5 24. Ne5 Rc7 25. Ng3 Rc3 26. a4 Ra3 27. a5 bxa5
28. b5 Rb8 29. Nd7 Rxb5 30. Rxb5 axb5 31. Nc5 Kf7 32. Rb1 b4 33. Nf1 Nc3 34.
Re1 Ra2 35. Ne3 Ne2+ 36. Kf1 Nxd4 37. g3 b3 38. Kg2 a4 39. Nc4 Rc2 40. Ne5+ Ke7
41. Nxa4 Ra2 42. Nc3 Rc2 43. Na4 Ra2 44. Nc3 Rc2 45. Na4 1/2-1/2

[Event "Quebec op U1400"]
[Site "Montreal CAN"]
[Date "2016.07.26"]
[Round "5.3"]
[White "Dawson, Skyler"]
[Black "Pan, Yu Xiang"]
[Result "1-0"]
[WhiteElo "1319"]
[BlackElo "1187"]
[PlyCount "99"]
[EventDate "2016.07.23"]
[EventType "swiss"]
[EventRounds "8"]
[EventCountry "CAN"]

1. e4 e5 2. Nf3 Nc6 3. Bb5 Bc5 4. O-O d6 5. c3 a6 6. Ba4 b5 7. Bc2 Bg4 8. h3
Bxf3 9. Qxf3 Nf6 10. d3 h6 11. a4 Ba7 12. Be3 O-O 13. Nd2 b4 14. a5 bxc3 15.
bxc3 Bxe3 16. Qxe3 Rb8 17. Nc4 Ne7 18. f4 exf4 19. Qxf4 Ng6 20. Qf2 d5 21. exd5
Nxd5 22. Ra3 Ndf4 23. Qf3 Qg5 24. d4 f5 25. Ne3 Nh4 26. Qxf4 Qxf4 27. Rxf4 g5
28. Rf1 f4 29. Ng4 Rb2 30. Be4 Kg7 31. Ne5 Rfb8 32. Rf2 Rxf2 33. Kxf2 Rb2+ 34.
Kf1 Rb5 35. Nf3 Nxf3 36. Bxf3 Kf6 37. Be2 Rb1+ 38. Kf2 Rb2 39. Kf3 Kf5 40. Bd3+
Kf6 41. Bxa6 h5 42. Bd3 Rd2 43. c4 h4 44. a6 Rd1 45. a7 Re1 46. Be2 Kf5 47.
a8=Q Rg1 48. Qf8+ Kg6 49. Bd3+ Kh5 50. Qh8# 1-0

[Event "Quebec op U1400"]
[Site "Montreal CAN"]
[Date "2016.07.26"]
[Round "5.4"]
[White "Bercuvitz, Tani"]
[Black "Amyot, Stephane"]
[Result "1-0"]
[WhiteElo "1280"]
[BlackElo "1218"]
[PlyCount "61"]
[EventDate "2016.07.23"]
[EventType "swiss"]
[EventRounds "8"]
[EventCountry "CAN"]

1. d4 d5 2. c4 c6 3. Nc3 Nf6 4. Nf3 e6 5. Bg5 Be7 6. e3 O-O 7. Rc1 Nbd7 8. Bd3
Re8 9. O-O Nf8 10. Ne5 Ng6 11. Nxg6 fxg6 12. a3 Rf8 13. Qc2 Bd6 14. c5 Bxh2+
15. Kh1 Bc7 16. g3 e5 17. dxe5 Bxe5 18. Rfe1 Qd7 19. f4 Bc7 20. Bxf6 gxf6 21.
Rcd1 Qf7 22. Qb3 Bg4 23. Rd2 Kg7 24. Qxb7 Rfe8 25. Kh2 Rab8 26. Qxc6 d4 27. Nd5
g5 28. Qxc7 dxe3 29. Qxf7+ Kxf7 30. Nxe3 Red8 31. Nxg4 1-0

[Event "Quebec op U1400"]
[Site "Montreal CAN"]
[Date "2016.07.26"]
[Round "5.5"]
[White "Arsenault-Mahjoubi, Louis"]
[Black "Laroche, Hugo"]
[Result "1-0"]
[WhiteElo "1359"]
[BlackElo "1272"]
[PlyCount "47"]
[EventDate "2016.07.23"]
[EventType "swiss"]
[EventRounds "8"]
[EventCountry "CAN"]

1. d4 d5 2. c4 c6 3. Nc3 dxc4 4. e3 b5 5. a4 b4 6. Na2 b3 7. Nc3 Ba6 8. Nf3 e6
9. Ne5 Bb4 10. Qf3 Qc7 11. Bxc4 Bxc4 12. Nxc4 Nf6 13. O-O Nd5 14. e4 Ne7 15.
Bf4 Qd7 16. d5 cxd5 17. exd5 Bxc3 18. Nd6+ Kf8 19. dxe6 Qc6 20. Qh5 g6 21. Bh6+
Bg7 22. Qe5 f6 23. Qxf6+ Kg8 24. Qf7# 1-0

[Event "Quebec op U1400"]
[Site "Montreal CAN"]
[Date "2016.07.26"]
[Round "5.6"]
[White "Dimov, Petre"]
[Black "Lemarier, Stephane"]
[Result "0-1"]
[WhiteElo "1272"]
[BlackElo "1377"]
[PlyCount "138"]
[EventDate "2016.07.23"]
[EventType "swiss"]
[EventRounds "8"]
[EventCountry "CAN"]

1. e4 c5 2. Bc4 e6 3. a3 Nc6 4. Ba2 d5 5. Nc3 Nf6 6. f3 Be7 7. d3 O-O 8. b3 d4
9. Nce2 a5 10. Nh3 e5 11. Nf2 Be6 12. g4 h6 13. g5 hxg5 14. Bxg5 Nh5 15. Bd2
Bg5 16. Rg1 f6 17. Ng3 Nf4 18. Nf5 Bxf5 19. exf5 Ne7 20. Ne4 Bh4+ 21. Kf1 Nxf5
22. Qc1 Nd5 23. b4 Kh7 24. Bxd5 Qxd5 25. c4 dxc3 26. Qxc3 axb4 27. Qxc5 Qxd3+
28. Kg2 Qe2+ 29. Kh3 Qxf3+ 30. Ng3 g5 31. Qxb4 Rf7 32. Raf1 g4+ 33. Qxg4 Qxg4+
34. Kxg4 Nxg3 35. hxg3 Ra4+ 36. Kf5 Bg5 37. Ke6 Rc7 38. Rh1+ Kg6 39. Bb4 Ra6+
40. Bd6 Rcc6 41. Rd1 Rxa3 42. Rh8 Raa6 43. g4 Kg7 44. Rb8 Rab6 45. Kd7 Rc1 46.
Bf8+ Kf7 47. Rd3 Rg1 48. Bc5 Rbb1 49. Rf8+ Kg7 50. Ke6 Rxg4 51. Rd7+ Kg6 52.
Rg8+ Kh5 53. Rh7+ Bh6 54. Rxh6+ Kxh6 55. Rxg4 Rf1 56. Rg2 e4 57. Be3+ Kh5 58.
Kd5 f5 59. Bf2 b5 60. Ke5 b4 61. Kxf5 Kh6 62. Kf6 Kh7 63. Kf5 e3 64. Ke4 Rxf2
65. Rg3 e2 66. Re3 b3 67. Kd3 b2 68. Rh3+ Kg6 69. Kc3 e1=Q+ 0-1

[Event "Quebec op U1400"]
[Site "Montreal CAN"]
[Date "2016.07.26"]
[Round "5.7"]
[White "Lauzon, Francois"]
[Black "Omichi, Kevin"]
[Result "1-0"]
[WhiteElo "1265"]
[BlackElo "1168"]
[PlyCount "107"]
[EventDate "2016.07.23"]
[EventType "swiss"]
[EventRounds "8"]
[EventCountry "CAN"]

1. e4 c5 2. Nf3 Nc6 3. d4 cxd4 4. Nxd4 Nf6 5. Nc3 e6 6. Nxc6 bxc6 7. Be3 Bb4 8.
e5 Nd5 9. Bd2 O-O 10. Bd3 f6 11. a3 Ba5 12. Qh5 f5 13. O-O Qe8 14. Qe2 Qf7 15.
Nxd5 Bxd2 16. Nc7 Rb8 17. Qxd2 Rxb2 18. Na6 Bxa6 19. Bxa6 Qg6 20. f4 Qe8 21.
Qc3 Rb8 22. Qc5 Ra8 23. Rab1 Rf7 24. Rb3 Qe7 25. Qxe7 Rxe7 26. Rfb1 Ree8 27.
Rb7 Red8 28. Rc7 h6 29. Rbb7 g5 30. g3 Kg7 31. Rxd7+ Rxd7 32. Rxd7+ Kg6 33. Rd6
Kf7 34. Rxc6 Rd8 35. a4 Rd1+ 36. Bf1 Ra1 37. Rc7+ Kg6 38. Rxa7 gxf4 39. gxf4
Kh5 40. c4 Rc1 41. a5 Ra1 42. a6 Kg4 43. Rg7+ Kxf4 44. c5 Kxe5 45. c6 Kd6 46.
c7 Rc1 47. a7 Rxc7 48. Rxc7 Kxc7 49. a8=Q Kd6 50. Qh8 Kd5 51. Qxh6 e5 52. Qd2+
Ke4 53. Kg2 f4 54. Qd3# 1-0

[Event "Quebec op U1400"]
[Site "Montreal CAN"]
[Date "2016.07.26"]
[Round "5.8"]
[White "Zhong, Ziyi"]
[Black "Bedard, Ludovic"]
[Result "1-0"]
[WhiteElo "1240"]
[BlackElo "1257"]
[PlyCount "87"]
[EventDate "2016.07.23"]
[EventType "swiss"]
[EventRounds "8"]
[EventCountry "CAN"]

1. e4 c5 2. Nf3 g6 3. d4 cxd4 4. Qxd4 Nf6 5. e5 Nc6 6. Qd1 Nxe5 7. Nxe5 Qa5+ 8.
Nc3 Qxe5+ 9. Be3 Bg7 10. Bc4 a6 11. O-O O-O 12. Re1 Qc7 13. Bb3 d6 14. Nd5 Nxd5
15. Bxd5 e6 16. Bb3 Bxb2 17. Rb1 Bg7 18. Bf4 Rd8 19. Qf3 Qc3 20. Qxc3 Bxc3 21.
Red1 d5 22. Bc4 b5 23. Be2 Rd7 24. Rd3 Bg7 25. Bg4 f5 26. Bh3 Bb7 27. Re3 Re8
28. Rbe1 Kf7 29. c3 h6 30. Bg3 Ba8 31. Bh4 Bf6 32. Bxf6 Kxf6 33. g4 Rde7 34.
Rd1 e5 35. gxf5 gxf5 36. Rf3 f4 37. Bg2 e4 38. Rh3 Kg5 39. f3 e3 40. Re1 h5 41.
Re2 Rc7 42. Bf1 h4 43. Rg2+ Kh5 44. Rg4 1-0